History Quiz

Random History or Clickable Quiz

US Presidents by Year of Death Quiz Stats

 Plays Quiz Updated Aug 16, 2014

Support Sporcle.
Go Orange.
Score 0/20 Timer 04:00
0 Plays Today
% Correct
1945
84.1%
1865
83%
1994
76.5%
2004
74.5%
2006
69.6%
1964
58%
1969
56.1%
1972
52%
1919
51.6%
1924
50.7%
% Correct
1885
49.9%
1930
46.3%
1848
45.5%
1845
44.2%
1875
42.8%
2018
42.6%
1893
40.8%
1862
39.6%
1908
39.5%
1901
33.1%

You're not logged in!

Compare scores with friends on all Sporcle quizzes.
OR
Log In

From the Vault

Countries Before & After

by jimmyrickards

If late-night cable has taught us anything, it's that you can never trust before & after pictures.
Remove Ads.
Support Sporcle.
Get the best of Sporcle when you Go Orange. This ad-free experience offers more features, more stats, and more fun while also helping to support Sporcle. Thank you for becoming a member.

Show Comments

Extras

Top Quizzes Today


Score Distribution

Your Account Isn't Verified!

In order to create a playlist on Sporcle, you need to verify the email address you used during registration. Go to your Sporcle Settings to finish the process.

Report this User

Report this user for behavior that violates our Community Guidelines.

Details: